| 000 | 00000nam##2200000za#4500 |
| 001 | 9.680672 |
| 003 | CaOODSP |
| 005 | 20210615132356 |
| 007 | ta |
| 008 | 150407|1999||||xxc||||| f|0| 0 fre|d |
| 020 | |a0-660-96116-4 |
| 040 | |aCaOODSP|bfre |
| 043 | |an-cn--- |
| 086 | 1 |aFo47-1313/1999F |
| 110 | 1 |aCanada.|bRessources naturelles Canada. |bService canadien des forêts. |
| 245 | 10|aInsectes des pins de l'est du canada / |cpar A. H. Rose, O. H. Lindquist et K. L. Nystrom. |
| 250 | |a[2e éd.] |
| 260 | |aOttawa - Ontario : |bRessources naturelles Canada. |c1999. |
| 300 | |a128p. : |bill. en couleur ; |c25 cm. |
| 500 | |aDonnées de catalogage avant publication (Canada) imprimées dans cette publication. Première édition publiée en 1973, révisée en 1983. «Ce guide veut aider les gens qui portent intérêt aux arbres à identifier les insectes et les anciens qui les endommagent. Il traite d'environ 90 espèces de ces ravageurs qui ont causé des dégâts importants aux pins canadiens à l'est des montagnes Rocheuses.»--Résumé. |
| 520 | 3 |aCe guide veut aider les gens qui portent intérêt aux arbres à identifier les insectes et les anciens qui les endommagent. Il traite d'environ 90 espèces de ces ravageurs qui ont causé des dégâts importants aux pins canadiens à l'est des montagnes Rocheuses. |
| 546 | |aAbstract in English |
| 563 | |aCouverture souple |
| 590 | |a99-22|b1999-06-04 |
| 691 | 07|aInsecte|2gcpds |
| 691 | 07|aArbre|2gcpds |
| 720 | 1 |aRose, A. H. |
| 720 | 1 |aLindquist, O. H. |
| 720 | 1 |aNystrom, K. L. |
| 775 | 08|tInsects of eastern pines / |w(CaOODSP)9.647244 |
| 776 | 0#|tInsectes des pins de l'est du canada / |w(CaOODSP)9.644193 |